| 000 | 00472 a2200145 4500 | ||
|---|---|---|---|
| 001 | 90909 | ||
| 082 | _aPR 998 | ||
| 090 |
_c43043 _d43043 |
||
| 100 | _aRana Anees Latif; Prof Khalid Pervaiz and Salman Absar (Advisors) | ||
| 245 |
_aTurbo Fan Engine Design (High Pressure Compressor) _n30th A EC |
||
| 260 |
_aKarachi _bNED Univerity _c1989 |
||
| 300 | _a126p | ||
| 500 | _aBE Project Report | ||
| 700 | _aRana Anees Latif; Prof Khalid Pervaiz and Salman Absar (Advisors) | ||
| 942 |
_aNUST CAE _kPR 998 |
||
| 999 |
_c325982 _d325982 |
||